000
00323pab a2200145 454500
008
180718b1986 xxu||||| |||| 00| 0 eng d
100
_a
Mohan Rao, I. Rama
245
_a
National media policy
260
_c
1986
300
_a
16-18
362
_a
26 Apr.
650
_a
Mass Media
773
_a
Mainstream
909
_a
13304
999
_c
13304
_d
13304